000 00697cam a22002295a 4500
999 _c27467
_d27438
005 20190703104428.0
008 020219t2002 nyua frb 001 0 eng d
020 _a0765606070
020 _a9780765606075
040 _aDLC
_cDLC
_dDLC
_dEG-ScBUE
_beng
082 0 4 _a330.09
_222
_bHUN
100 1 _aHunt, E. K.
245 1 0 _aHistory of economic thought :
_ba critical perspective /
_cE.K. Hunt.
250 _a2nd, updated ed.
260 _aArmonk, N.Y. :
_bM.E. Sharpe,
_cc.2002.
300 _axxii, 543 p. :
_bill. ;
_c24 cm.
504 _aIncludes bibliographical references and index.
650 7 _aEconomics
_xHistory.
_2BUEsh
651 _2BUEsh
653 _bBUSECO
_cMay2019
942 _2ddc